1275 1215 1921 1044 1663 1962 1913 1521 1704 1625 1238 1653 1243 1766 1568 1678 1585 1244 1072 1309 1455 1100 1138 1856 1075 1984 1290 1478 1928 1483 1608 1338 1052 1700 1870 1860 1280 1693 1583 1261 1029 1972 1882 1853 1694 1304 1495 1494 1224 1673 1202 1419 1493 1901 1660 1734 1407 1008 1154 1097 1196 1149 1043 1239 1838 1361 1445 1523 1892 1014 1586 1241 1453 1282 1109 1456 1780 1997 1249 1090 1148 1127 1232 1532 1074 1677 1294 1655 1166 1355 1315 1582 1417 1919 1815 1754 1462 1556 1532 BCNSPRNW ULIB Ver.6.0+V

เปลี่ยนเป็นภาษาไทย

Change to English
 แสดงรายละเอียดบรรณานุกรม
  กลับหน้าหลัก

Brief Record : Get Marc (ISO 2709) : E-mail record : QR code < ปิดหน้าต่าง
LEADER : 00000nam 2200000uu 4500
001    13399122840
003     ULIB
008    131015s2545||||th 000 0 tha d
020    ^a9789744460653
090    ^aนว^bพ187พ ล.1
100 0  ^aพนมเทียน
245 10 ^aป่าโลกล้านปี เล่ม 1 (เพชรพระอุมา) /^cพนมเทียน
250    ^aพิมพ์รวมเล่มครั้งที่ 3
260    ^aกรุงเทพฯ :^bณ บ้านวรรณกรรม,^c2545
300    ^a 438 หน้า
505 00 ^a^gล.1-4^tไพรมหากาฬ --^gล.5-8^tดงมรณะ -- ^gล.9-12^tจอมผีดิบมันตรัย -- ^gล.13-16^tอาถรรพณ์นิทรานคร -- ^gล.17-20^tป่าโลกล้านปี -- ^gล.21-24^tแงซายจอมจักรา -- ^gล.25-28^tจอมพราน -- ^gล.29-32^tไอ้งาดำ -- ^gล.33-36^tจิตรางคนางค์-- ^gล.37-40^tนาคเทวี -- ^gล.41-44^tแด่ปางบรรพ์ -- ^gล.45-48^tมงกุฎไพร
650  4 ^aนวนิยายไทย
945    ^p200^l0^i034068
999    ^aเกษร โพธิ์สุวรรณ
รายการนี้ยังไม่มีแท็ก
คุณยังไม่ได้ล็อกอิน คุณสามารถมีกิจกรรมร่วมกับเว็บไซต์ได้ แต่ต้องล็อกอินก่อน ::
  ล็อกอิน

รายการสื่อสารสนเทศ

ลำดับที่ ประเภท เลขเรียก/บาร์โค้ด สถานที่ สถานะ
1. นวนิยาย
นวนิยาย
นว พ187พ ล.1  
  Barcode: 034068
ห้องสมุดวิทยาเขตสวรรค์ประชารักษ์
►นวนิยาย
บนชั้น
  ขอยืม

รายการใกล้เคียง
    ผู้แต่ง [พนมเทียน]

    หัวเรื่อง [นวนิยายไทย]

BibComment


ยังไม่เคยถูกคอมเมนท์

คอมเมนท์ทรัพยากรรายการนี้
  คอมเมนท์: ป่าโลกล้านปี เล่..


 Copyright 2026. Bcnsprnw @Library